000
00295nam a2200121Ia 4500
008
190216s9999||||xx |||||||||||||| ||und||
100
_a
Usman Moothedam
245
0
_a
Marxisam Yukthivadam Islam
260
_b
India Islahi Centre U A E
300
_a
84
650
_a
Islamic History
942
_c
BK
999
_c
22267
_d
22267